000 00776nam a22002177a 4500
008 100203t xxu||||| |||| 00| 0 eng d
010 _aB-365578
020 _c425.00
035 _aB-365578
037 _aUBH
_bRP/CL/E;24/99/18-01-10/20-01-10/25-01-10
040 _adpl
_beng
082 _a003
100 _aSharma,S.D
245 _aOperations Research/
_cby S.D.Sharma& Himanshu Sharma
260 _aDelhi
_bKedarnath Ramnath
_c2009
270 _aG-2/3834/xi Pataudi House
_bDelhi
300 _avarious pgs
_c24cm
942 _2ddc
_cEN
_h003
_mSHA
999 _c33690
_d33690